AH International Schools' Libraries

Normal view MARC view
  • Librarians. Grandfathers. Clumsiness. Humorous stories.

Entry Topical Term

Number of records used in: 1

001 - CONTROL NUMBER

  • control field: 86248

003 - CONTROL NUMBER IDENTIFIER

  • control field: OSt

005 - DATE AND TIME OF LATEST TRANSACTION

  • control field: 20250423093030.0

008 - FIXED-LENGTH DATA ELEMENTS

  • fixed length control field: 250423|| aca||aabn | a|a d

040 ## - CATALOGING SOURCE

  • Original cataloging agency: OSt
  • Transcribing agency: OSt

150 ## - HEADING--TOPICAL TERM

  • Topical term or geographic name as entry element: Librarians. Grandfathers. Clumsiness. Humorous stories.
  • Form subdivision: Fiction

670 ## - SOURCE DATA FOUND

  • Source citation: Work cat.: (OSt)48852: Sanderson, Brandon. 86247, Alcatraz vs. the librarians / , 2016.

For any Logos Library related questions please contact Miss Art at swongnarasuk@asianhope.org.

For any Asian Hope Library related questions please contact Miss Raza at graza@asianhope.org.

Powered by Koha